Tretia etapa EMU versus platobné systémy

V oblasti hotovostných platieb nenastali zavedením eura také zmeny, ako v oblasti bezhotovostného platobného styku. Vybudovanie nadnárodného platobného systému na princípoch systému RTGS (Real Time Gross Settlement). Systém TARGET - postavený ako decentralizovaný systém.

Guardado en:
Detalles Bibliográficos
Autor principal: Holička, Peter
Formato: Capítulo de libro
Lenguaje:eslovaco
inglés
Materias:
Etiquetas: Agregar Etiqueta
Sin Etiquetas, Sea el primero en etiquetar este registro!

MARC

LEADER 00000naa a2200000 4500
001 r035138
005 20230426112509.7
041 0 |a slo 
041 0 |a eng 
044 |a SK 
245 1 0 |a Tretia etapa EMU versus platobné systémy  |c Peter Holička 
520 |a V oblasti hotovostných platieb nenastali zavedením eura také zmeny, ako v oblasti bezhotovostného platobného styku. Vybudovanie nadnárodného platobného systému na princípoch systému RTGS (Real Time Gross Settlement). Systém TARGET - postavený ako decentralizovaný systém. 
610 2 0 |a styk platobný medzinárodný 
610 2 0 |a únie menové 
610 2 0 |a euro 
610 2 0 |a styk platobný bezhotovostný 
610 2 0 |a styk platobný hotovostný 
610 2 0 |a Európska menová únia 
610 2 0 |a RTGS 
610 2 0 |a TARGET 
100 1 |a Holička, Peter